Normal view
MARC view
- Gibilisco, Stan
Entry Personal Name
001 - CONTROL NUMBER
- control field: 6800
003 - CONTROL NUMBER IDENTIFIER
- control field: OSt
005 - DATE AND TIME OF LATEST TRANSACTION
- control field: 20250106145719.0
008 - FIXED-LENGTH DATA ELEMENTS
- fixed length control field: 250106|| aca||aabn | a|a d
040 ## - CATALOGING SOURCE
- Original cataloging agency: OSt
- Transcribing agency: OSt
100 ## - HEADING--PERSONAL NAME
- Personal name: Gibilisco, Stan
670 ## - SOURCE DATA FOUND
- Source citation: Work cat.: (OSt)13175: Gibilisco, Stan ., Illustrated dictionary of electronics / , 2007.
